Welcome to CU Library Online Public Access Catalogue (OPAC)

Taxmann's Workbook on Cost & Management Accounting (Record no. 2839)

MARC details
000 -LEADER
fixed length control field 00500nam a22001577a 4500
005 - DATE AND TIME OF LATEST TRANSACTION
control field 20250122173028.0
008 - FIXED-LENGTH DATA ELEMENTS--GENERAL INFORMATION
fixed length control field 250122b |||||||| |||| 00| 0 eng d
020 ## - INTERNATIONAL STANDARD BOOK NUMBER
International Standard Book Number 978-81-8478-013-0
050 ## - LIBRARY OF CONGRESS CALL NUMBER
Classification number HF5686 KIS
100 ## - MAIN ENTRY--PERSONAL NAME
Personal name Kishore Ravi M.
245 ## - TITLE STATEMENT
Title Taxmann's Workbook on Cost & Management Accounting
Statement of responsibility, etc. Ravi M. Kishore
260 ## - PUBLICATION, DISTRIBUTION, ETC.
Place of publication, distribution, etc. New Delhi
Name of publisher, distributor, etc. Taxmann Allied Services (P.) Ltd.
Date of publication, distribution, etc. 2008
300 ## - PHYSICAL DESCRIPTION
Extent (various paging.) 736p.
Other physical details ill.
Dimensions 23 cm x 16.5 cm
Accompanying material CD
650 ## - SUBJECT ADDED ENTRY--TOPICAL TERM
Source of heading or term Accounting
942 ## - ADDED ENTRY ELEMENTS (KOHA)
Source of classification or shelving scheme Library of Congress Classification
Koha item type Books
Suppress in OPAC No
999 ## -
-- 2839
-- 2839
Holdings
Withdrawn status Lost status Source of classification or shelving scheme Damaged status Not for loan Collection Home library Current library Shelving location Date acquired Total checkouts Full call number Barcode Date last seen Copy number Price effective from Koha item type
    Library of Congress Classification     Non-fiction Business Library (Miotso) Business Library (Miotso) General stacks 01/22/2025   HF5686 KIS BSSM00000563 01/22/2025 1 01/22/2025 Books
    Library of Congress Classification     Non-fiction Undergraduate Library (Christ Temple) Undergraduate Library (Christ Temple) General stacks 02/21/2025   HF5686 KIS ulct00001326 02/21/2025 1 02/21/2025 Books
© 2023-2024 Copyright: Central University Libraries. All Rights Reserved | Created by: Mahone Tech Office